000
00276nam a22001097a 4500
008
170120b xxu||||| |||| 00| 0 eng d
020
_a
0838513476
041
_a
eng
080
_2
4TH
_a
618.2
245
_a
CURRENT/ EMEGENCY DIAGNOSIS & TREATMENT
_c
SAUNDERS, CH.E
942
_2
udc
_c
BK
999
_c
3217
_d
3217